Provinces of Argentina in 5 minutes - Statistics

General Stats
  • This quiz has been taken 50 times
  • The average score is 20 of 23
Answer Stats
answers % Correct
1 Buenos Aires
100%
5 Córdoba
91%
9 Jujuy
91%
12 Mendoza
91%
13 Misiones
91%
15 Río Negro
91%
6 Salta
91%
18 San Luis
91%
20 Santa Fé
91%
23 Tucumán
91%
6 Corrientes
89%
7 Entre Ríos
89%
8 Formosa
89%
17 San Juan
89%
10 La Pampa
86%
11 La Rioja
86%
22 Tierra del Fuego
86%
2 Catamarca
83%
4 Chubut
83%
14 Neuquén
83%
19 Santa Cruz
83%
3 Chaco
80%
21 Santiago Del Estero
71%
No matching quizzes found
Score Distribution
Percent of People with Each Score
Percentile by Number Answered
Your Score History
You have not taken this quiz